[Event "Junior-SM"]
[Site "Lund"]
[Date "2010.07.08"]
[Round "6"]
[White "Berggren, Jonatan"]
[Black "Pettersson, Anders"]
[Result "1-0"]
[WhiteElo "2135"]
[BlackElo "2100"]
[PlyCount "123"]
[EventDate "2010.??.??"]
[EventRounds "9"]
[EventCountry "SWE"]
[Source "Anders Hansen"]
[SourceDate "2010.07.03"]

1. e4 c5 2. Nf3 g6 3. d4 cxd4 4. Nxd4 Nc6 5. Nc3 Bg7 6. Nde2 Nf6 7. g3 d6 8.
Bg2 Bg4 9. h3 Bd7 10. O-O Qc8 11. Kh2 h5 12. Bg5 h4 13. gxh4 Nh7 14. Bf4 Nf8
15. Bg3 Bf6 16. f4 Bxh4 17. Bxh4 Rxh4 18. Qe1 Rh7 19. Qg3 g5 20. fxg5 Ng6 21.
Nd5 Nce5 22. Nd4 Nh4 23. Nf5 Nxf5 24. exf5 Bxf5 25. Rxf5 Qxf5 26. Nc7+ Kf8 27.
Nxa8 Qc8 28. Qb3 Qxa8 29. Qxb7 Qxb7 30. Bxb7 Rh4 31. c3 Kg7 32. Kg3 Ng6 33. Bf3
Rh8 34. Rd1 f6 35. gxf6+ Kxf6 36. Rd4 Rc8 37. Be2 Rc7 38. a4 Ne5 39. h4 Rc8 40.
Rf4+ Kg7 41. Kf2 d5 42. Ke3 Nc6 43. Bb5 Nd8 44. Rf2 e5 45. h5 Nf7 46. Kd3 Rc7
47. b3 Nd6 48. Rg2+ Kh7 49. Rg5 Rxc3+ 50. Kxc3 Ne4+ 51. Kb4 Nxg5 52. Kc5 d4 53.
Kd5 Nf3 54. Bd3+ Kh6 55. b4 Ne1 56. Ke4 Nxd3 57. Kxd3 Kxh5 58. b5 Kg4 59. a5
Kf3 60. b6 e4+ 61. Kxd4 axb6 62. a6 1-0

[Event "Junior-SM"]
[Site "Lund"]
[Date "2010.07.08"]
[Round "6"]
[White "Morin, Max"]
[Black "Bergren Torell, Harald"]
[Result "1/2-1/2"]
[WhiteElo "1715"]
[BlackElo "1926"]
[PlyCount "56"]
[EventDate "2010.??.??"]
[EventRounds "9"]
[EventCountry "SWE"]
[Source "Anders Hansen"]
[SourceDate "2010.07.03"]

1. e4 d6 2. d4 Nf6 3. Nc3 g6 4. g3 Bg7 5. Bg2 O-O 6. Nge2 e5 7. h3 c6 8. a4 Na6
9. Be3 exd4 10. Nxd4 Nb4 11. O-O Re8 12. Qd2 d5 13. exd5 Nbxd5 14. Rfe1 Nxe3
15. Rxe3 Be6 16. Rd1 Qc8 17. Nxe6 Rxe6 18. Rd3 Qc7 19. Ne2 Rae8 20. Nf4 R6e7
21. Rd8 Rxd8 22. Qxd8+ Qxd8 23. Rxd8+ Re8 24. Rxe8+ Nxe8 25. Nd3 Nd6 26. b3 Bd4
27. Kf1 Kg7 28. Ke2 Kf6 1/2-1/2

[Event "Junior-SM"]
[Site "Lund"]
[Date "2010.07.08"]
[Round "6"]
[White "Thörn, Eric"]
[Black "Johansson, Linus"]
[Result "1-0"]
[WhiteElo "2165"]
[BlackElo "1953"]
[PlyCount "211"]
[EventDate "2010.??.??"]
[EventRounds "9"]
[EventCountry "SWE"]
[Source "Anders Hansen"]
[SourceDate "2010.07.03"]

1. Nf3 Nf6 2. c4 e6 3. g3 b6 4. Bg2 Bb7 5. O-O Be7 6. b3 O-O 7. Bb2 c5 8. e3 d6
9. Nc3 Nbd7 10. Qe2 Ne4 11. Nd1 f5 12. d3 Nef6 13. Ng5 Bxg2 14. Kxg2 Qc8 15.
Nxe6 Rf7 16. Nc3 Ne5 17. Ng5 Qb7+ 18. f3 Rff8 19. d4 Nc6 20. d5 Nd8 21. f4 h6
22. Nf3 Re8 23. Qd3 Qd7 24. Rae1 Nf7 25. Nh4 Ne4 26. Nxf5 Bf6 27. Nxe4 Bxb2 28.
Nh4 a6 29. Re2 Ba3 30. Nd2 Bb2 31. Qf5 Qxf5 32. Nxf5 g6 33. Nh4 Kg7 34. e4 Ra7
35. Nhf3 Rae7 36. Rfe1 Bf6 37. Kf2 g5 38. e5 dxe5 39. d6 Re6 40. fxe5 Bd8 41.
g4 b5 42. Re3 Ba5 43. R1e2 Nd8 44. Ne4 Bb4 45. Ng3 Ba3 46. Re4 Nf7 47. h4 Bc1
48. b4 Ba3 49. bxc5 Bxc5+ 50. Kf1 gxh4 51. Nf5+ Kf8 52. N5d4 Bxd4 53. Rxd4 bxc4
54. Rxc4 h3 55. Rc5 h2 56. Rxh2 Nxe5 57. Rxe5 Rxe5 58. d7 Ra5 59. dxe8=Q+ Kxe8
60. Re2+ Kf7 61. Kf2 Kf6 62. Kg3 Ra3 63. Rf2 Kg6 64. Kh4 Re3 65. Nd4 Re4 66.
Nf5 h5 67. Rg2 hxg4 68. Nd6 Re6 69. Rxg4+ Kf6 70. Nb7 Ke5 71. Nc5 Rd6 72. Ra4
Kd5 73. Nd3 Rb6 74. Rxa6 Rb1 75. Kg3 Kc4 76. Ra3 Rf1 77. Nf2 Kb5 78. Kf3 Re1
79. Ne4 Rh1 80. Ke2 Rh2+ 81. Kd1 Kb4 82. Rb3+ Ka4 83. Nc3+ Ka5 84. Kc1 Rg2 85.
Rb2 Rg3 86. Kc2 Rg8 87. Rb5+ Ka6 88. Kb3 Rg3 89. a4 Rh3 90. Kc4 Re3 91. Nd5
Re4+ 92. Kc5 Re5 93. Kd4 Re1 94. Nb4+ Ka7 95. a5 Rd1+ 96. Kc5 Rc1+ 97. Kd6 Ka8
98. Nc6 Rd1+ 99. Ke5 Re1+ 100. Kd4 Rd1+ 101. Ke3 Re1+ 102. Kd4 Rd1+ 103. Kc5
Rc1+ 104. Kb6 Rc5 105. Na7 Rxb5+ 106. Nxb5 1-0

[Event "Junior-SM"]
[Site "Lund"]
[Date "2010.07.08"]
[Round "6"]
[White "Vaarala, Eric"]
[Black "Janse, Rasmus"]
[Result "0-1"]
[WhiteElo "2125"]
[BlackElo "2169"]
[PlyCount "80"]
[EventDate "2010.??.??"]
[EventRounds "9"]
[EventCountry "SWE"]
[Source "Anders Hansen"]
[SourceDate "2010.07.03"]

1. Nf3 g6 2. e4 Bg7 3. d4 d6 4. Bc4 Nf6 5. Qe2 O-O 6. e5 dxe5 7. dxe5 Nd5 8.
O-O c6 9. h3 Qc7 10. Bb3 a5 11. a3 a4 12. Ba2 Be6 13. c4 Nb6 14. Bg5 Re8 15.
Re1 N8d7 16. Bf4 Nc5 17. Nd4 Red8 18. Be3 Qxe5 19. Nxe6 Nxe6 20. Bxb6 Qxb2 21.
Bxd8 Rxd8 22. Nc3 Bxc3 23. Qxb2 Bxb2 24. Rab1 Rd2 25. Rbd1 Rxd1 26. Rxd1 Bxa3
27. Rd7 b6 28. Ra7 Nc5 29. Rc7 Ne4 30. Bb1 Nc3 31. Bc2 Bb2 32. Rxc6 a3 33. Bb3
Ne2+ 34. Kf1 Nc1 35. c5 Nxb3 36. Rc8+ Kg7 37. c6 Na5 38. c7 a2 39. Rd8 a1=Q+
40. Ke2 Nc6 0-1

[Event "Junior-SM"]
[Site "Lund"]
[Date "2010.07.09"]
[Round "7"]
[White "Bergren Torell, Harald"]
[Black "Vaarala, Eric"]
[Result "0-1"]
[WhiteElo "1926"]
[BlackElo "2125"]
[PlyCount "72"]
[EventDate "2010.??.??"]
[EventRounds "9"]
[EventCountry "SWE"]
[Source "Anders Hansen"]
[SourceDate "2010.07.03"]

1. f4 d5 2. Nf3 g6 3. e3 Bg7 4. c3 Nh6 5. d3 O-O 6. Be2 c5 7. O-O Nc6 8. e4 d4
9. h3 f6 10. c4 e5 11. fxe5 fxe5 12. Na3 Nf7 13. Nc2 a6 14. Kh2 b5 15. cxb5
axb5 16. Na3 b4 17. Nc4 Be6 18. Nfd2 Nd6 19. Rxf8+ Bxf8 20. Bg4 Bf7 21. Nxd6
Bxd6 22. a3 Qb8 23. Bd7 Qc7 24. Bxc6 Qxc6 25. Qc2 b3 26. Qd1 Be7 27. Qe2 Ra4
28. Qf3 Qf6 29. Qe2 Qf4+ 30. Kg1 Qf6 31. Nf3 Qd6 32. Bd2 c4 33. Rc1 c3 34. bxc3
b2 35. Rb1 dxc3 36. Bxc3 Qc5+ 0-1

[Event "Junior-SM"]
[Site "Lund"]
[Date "2010.07.09"]
[Round "7"]
[White "Janse, Rasmus"]
[Black "Thörn, Eric"]
[Result "1-0"]
[WhiteElo "2169"]
[BlackElo "2165"]
[PlyCount "89"]
[EventDate "2010.??.??"]
[EventRounds "9"]
[EventCountry "SWE"]
[Source "Anders Hansen"]
[SourceDate "2010.07.03"]

1. c4 Nf6 2. Nc3 g6 3. g3 Bg7 4. Bg2 O-O 5. e4 d6 6. Nge2 c5 7. O-O Nc6 8. d3
Ne8 9. Be3 Nc7 10. Qd2 Ne6 11. Bh6 a6 12. Bxg7 Kxg7 13. f4 f5 14. exf5 gxf5 15.
g4 fxg4 16. f5 Ned4 17. Ng3 Kh8 18. Be4 Ne5 19. Qh6 Rf6 20. Qf4 Qf8 21. Nd5 Rh6
22. Kh1 e6 23. fxe6 Qxf4 24. Rxf4 Bxe6 25. Raf1 Ndf3 26. Rf2 Rc8 27. Rf6 Rxf6
28. Nxf6 Rf8 29. Ngh5 Bf7 30. Nxh7 Bxh5 31. Nxf8 Bf7 32. Bd5 Kg7 33. Ne6+ Bxe6
34. Bxe6 Nxd3 35. Rg2 Nfe5 36. Bxg4 Kf6 37. Bc8 Nxc4 38. Bxb7 Ncxb2 39. Bxa6 c4
40. h4 d5 41. h5 Nd1 42. h6 Ne5 43. h7 Nf7 44. Rd2 Ne3 45. Rf2+ 1-0

[Event "Junior-SM"]
[Site "Lund"]
[Date "2010.07.09"]
[Round "7"]
[White "Johansson, Linus"]
[Black "Westerberg, Jonathan"]
[Result "0-1"]
[WhiteElo "1953"]
[BlackElo "2165"]
[PlyCount "112"]
[EventDate "2010.??.??"]
[EventRounds "9"]
[EventCountry "SWE"]
[Source "Anders Hansen"]
[SourceDate "2010.07.03"]

1. d4 Nf6 2. c4 e6 3. Nf3 c5 4. d5 exd5 5. cxd5 d6 6. Nc3 g6 7. e4 Bg7 8. h3
O-O 9. Bd3 a6 10. a4 Qc7 11. O-O Nbd7 12. Re1 Re8 13. Bf1 Ne5 14. Nd2 c4 15.
Ndb1 h6 16. f4 Ned7 17. Na3 Nc5 18. e5 dxe5 19. d6 Qd8 20. Nxc4 exf4 21. Bxf4
Rxe1 22. Qxe1 Be6 23. Rd1 Rc8 24. Ne5 Kh7 25. Kh1 Qb6 26. Qf2 Qb3 27. Rd4 Nfd7
28. Qe2 Nxe5 29. Bxe5 Bxe5 30. Qxe5 Qxb2 31. Nd5 Nd7 32. Nf6+ Nxf6 33. Qxf6 Rc1
34. Kg1 Rd1 35. Rf4 Qxf6 36. Rxf6 Rxd6 37. Rf4 Rd2 38. Bc4 Bxc4 39. Rxc4 Rb2
40. a5 Kg7 41. Rc7 Kf6 42. Kh2 Ra2 43. Rxb7 Rxa5 44. Ra7 Ra3 45. Kg1 a5 46. Kf2
a4 47. Ke2 Ra2+ 48. Kf3 a3 49. Kg3 Ra1 50. Kf4 Ke6 51. Kg4 Kf6 52. Kh4 h5 53.
Ra5 Ke6 54. Ra7 Ra2 55. g3 Kf6 56. Ra5 Kg7 0-1

[Event "Junior-SM"]
[Site "Lund"]
[Date "2010.07.09"]
[Round "7"]
[White "Lindgren, Philip"]
[Black "Berggren, Jonatan"]
[Result "1/2-1/2"]
[WhiteElo "2109"]
[BlackElo "2135"]
[PlyCount "86"]
[EventDate "2010.??.??"]
[EventRounds "9"]
[EventCountry "SWE"]
[Source "Anders Hansen"]
[SourceDate "2010.07.03"]

1. d4 Nf6 2. c4 c5 3. d5 b5 4. cxb5 a6 5. bxa6 g6 6. Nc3 Bxa6 7. e4 Bxf1 8.
Kxf1 d6 9. Nf3 Nbd7 10. g3 Bg7 11. Kg2 O-O 12. Re1 Nb6 13. Bg5 Ne8 14. Qe2 h6
15. Bf4 Nc7 16. Rad1 Na4 17. Nxa4 Rxa4 18. b3 Ra6 19. e5 Qa8 20. a4 Rb6 21.
exd6 exd6 22. Qd2 Kh7 23. h4 h5 24. Re7 Ne8 25. Ng5+ Kg8 26. Qd3 Bf6 27. Re2
Qb7 28. Rb1 Nc7 29. Ne4 Nxd5 30. Nxf6+ Nxf6+ 31. Kg1 Qc6 32. Rd1 d5 33. Be5 Rd8
34. Bxf6 Qxf6 35. Rde1 Kg7 36. Re5 Qd6 37. Qc3 d4 38. Qxc5 Rxb3 39. Qxd6 Rxd6
40. Rd1 Ra3 41. a5 f5 42. Rb5 Ra4 43. Rb6 Rxb6 1/2-1/2

[Event "Junior-SM"]
[Site "Lund"]
[Date "2010.07.09"]
[Round "7"]
[White "Pettersson, Anders"]
[Black "Morin, Max"]
[Result "1-0"]
[WhiteElo "2100"]
[BlackElo "1715"]
[PlyCount "101"]
[EventDate "2010.??.??"]
[EventRounds "9"]
[EventCountry "SWE"]
[Source "Anders Hansen"]
[SourceDate "2010.07.03"]

1. d4 d5 2. c4 e6 3. Nc3 c5 4. cxd5 cxd4 5. Qxd4 Nc6 6. Qd1 exd5 7. e3 Nf6 8.
Nf3 Bb4 9. Bd3 O-O 10. O-O Bg4 11. Nb5 Rc8 12. Be2 Qb6 13. Nbd4 Nxd4 14. Nxd4
Bxe2 15. Qxe2 Rfe8 16. Qd3 Rc4 17. b3 Rc3 18. Qd1 Rec8 19. Bb2 R3c7 20. Rc1
Rxc1 21. Bxc1 Bc3 22. Nf3 Qa6 23. a4 Qb6 24. Ba3 Bb4 25. Bxb4 Qxb4 26. Nd4 h6
27. h3 Rc3 28. Qa1 Ne4 29. Rc1 Rxc1+ 30. Qxc1 Qc3 31. Qxc3 Nxc3 32. Kf1 g6 33.
f3 Kf8 34. Ke1 Ke7 35. Kd2 Na2 36. g4 Nb4 37. h4 Nc6 38. Kc3 a6 39. b4 Kd6 40.
h5 Ne5 41. a5 Nc4 42. g5 gxh5 43. gxh6 Ne5 44. h7 Ng6 45. Nf5+ Ke5 46. Nh4 Nh8
47. Kd3 f6 48. f4+ Kd6 49. Kd4 Kc6 50. Nf5 Nf7 51. Ne7+ 1-0

[Event "Junior-SM"]
[Site "Lund"]
[Date "2010.07.10"]
[Round "8"]
[White "Berggren, Jonatan"]
[Black "Johansson, Linus"]
[Result "1-0"]
[WhiteElo "2135"]
[BlackElo "1953"]
[PlyCount "77"]
[EventDate "2010.??.??"]
[EventRounds "9"]
[EventCountry "SWE"]
[Source "Anders Hansen"]
[SourceDate "2010.07.03"]

1. e4 Nc6 2. d4 d5 3. Nc3 Nf6 4. e5 Ne4 5. Be3 Nxc3 6. bxc3 Na5 7. Nf3 Bg4 8.
h3 Bxf3 9. Qxf3 e6 10. a4 c6 11. Bd3 Nc4 12. O-O Qd7 13. a5 Na3 14. Bc1 Nb5 15.
Bb2 Be7 16. Qg4 O-O 17. c4 Nc7 18. Rfe1 f5 19. Qe2 Rfb8 20. cxd5 Nxd5 21. c4
Nf4 22. Qf3 Nxd3 23. Qxd3 b5 24. axb6 Rxb6 25. Ba3 Bxa3 26. Rxa3 h6 27. Ra5
Rab8 28. Rd1 Rb3 29. Qc2 Rb2 30. Qc3 R8b3 31. Qe1 Rb4 32. Rc5 a5 33. d5 cxd5
34. cxd5 Re4 35. Qxa5 Rxe5 36. d6 Rxc5 37. Qxc5 Rb5 38. Qc7 Rb7 39. Qxb7 1-0

[Event "Junior-SM"]
[Site "Lund"]
[Date "2010.07.10"]
[Round "8"]
[White "Bergren Torell, Harald"]
[Black "Pettersson, Anders"]
[Result "1-0"]
[WhiteElo "1926"]
[BlackElo "2100"]
[PlyCount "123"]
[EventDate "2010.??.??"]
[EventRounds "9"]
[EventCountry "SWE"]
[Source "Anders Hansen"]
[SourceDate "2010.07.03"]

1. f4 d5 2. Nf3 g6 3. g3 Bg7 4. Bg2 Nh6 5. O-O Nf5 6. d3 d4 7. Na3 Nd7 8. e4
dxe3 9. c3 Nf6 10. Nc4 Ng4 11. Qe2 h5 12. Nxe3 Ngxe3 13. Bxe3 O-O 14. Rfe1 Nxe3
15. Qxe3 Re8 16. Ng5 c6 17. d4 Bd7 18. Rad1 Qc7 19. Qd3 Bf5 20. Qc4 e6 21. Re3
Bf6 22. Rde1 Bxg5 23. fxg5 Rec8 24. Re5 Qd8 25. h4 Qb6 26. R1e2 a5 27. Rc5 Qa6
28. Qxa6 Rxa6 29. b3 Rca8 30. a4 Rb6 31. Rb2 Kf8 32. Kf2 Ke7 33. Bf1 Bg4 34.
Bc4 Bd1 35. Rd2 Bg4 36. Ke3 Ra7 37. Rf2 Bf5 38. Re2 Bg4 39. Re1 Kd6 40. Rf1 Ke7
41. Kd2 Bh3 42. Rf2 Bg4 43. Kc1 Ra8 44. Kb2 Bh3 45. Ka3 Ra7 46. Re5 Ra8 47. Bd3
Bg4 48. b4 Bd1 49. b5 cxb5 50. axb5 Rd6 51. Rc5 Rad8 52. Rf1 Bg4 53. b6 Bf5 54.
Rc7+ R8d7 55. Bb5 Rd5 56. Rxd7+ Rxd7 57. Bxd7 Kxd7 58. Ka4 Kc6 59. Kxa5 Kd5 60.
Kb4 Kc6 61. Ra1 Kxb6 62. Ra8 1-0

[Event "Junior-SM"]
[Site "Lund"]
[Date "2010.07.10"]
[Round "8"]
[White "Morin, Max"]
[Black "Lindgren, Philip"]
[Result "0-1"]
[WhiteElo "1715"]
[BlackElo "2109"]
[PlyCount "120"]
[EventDate "2010.??.??"]
[EventRounds "9"]
[EventCountry "SWE"]
[Source "Anders Hansen"]
[SourceDate "2010.07.03"]

1. e4 c5 2. c3 d5 3. exd5 Qxd5 4. d4 Nf6 5. Nf3 Bg4 6. Nbd2 Nc6 7. Bc4 Bxf3 8.
Qxf3 Qxf3 9. Nxf3 e6 10. Bb5 a6 11. Bxc6+ bxc6 12. Bf4 Nd5 13. Bg3 cxd4 14.
Nxd4 Rc8 15. O-O-O Bc5 16. Rhe1 O-O 17. f3 Bxd4 18. Rxd4 c5 19. Rc4 Nb6 20. Rh4
Rc6 21. c4 f5 22. b3 h6 23. Be5 Nd7 24. Bb2 Rd6 25. f4 Kf7 26. Rh3 Nf6 27. Bxf6
Kxf6 28. Rhe3 g5 29. Re5 Rc6 30. fxg5+ hxg5 31. Kc2 Rd8 32. R1e2 a5 33. Kc3 Rd1
34. a3 Ra1 35. Kb2 Rd1 36. Kc3 Ra1 37. Kb2 Rh1 38. h3 Rd1 39. Kc3 Ra1 40. Kb2
Rg1 41. Kc3 Rxg2 42. Rxg2 Kxe5 43. Rxg5 Rc8 44. Rg1 f4 45. Kd2 Ke4 46. Re1+ Kf5
47. Rg1 Rh8 48. Rg7 Rxh3 49. Rc7 Ke4 50. Rxc5 Rxb3 51. Rxa5 Rb2+ 52. Ke1 e5 53.
c5 f3 54. Ra4+ Ke3 55. Rb4 f2+ 56. Kf1 Rxb4 57. axb4 Kf3 58. c6 e4 59. c7 e3
60. c8=N e2# 0-1

[Event "Junior-SM"]
[Site "Lund"]
[Date "2010.07.10"]
[Round "8"]
[White "Vaarala, Eric"]
[Black "Thörn, Eric"]
[Result "1-0"]
[WhiteElo "2125"]
[BlackElo "2165"]
[PlyCount "65"]
[EventDate "2010.??.??"]
[EventRounds "9"]
[EventCountry "SWE"]
[Source "Anders Hansen"]
[SourceDate "2010.07.03"]

1. e4 g6 2. d4 Bg7 3. Nf3 d6 4. Bc4 Nf6 5. Nbd2 O-O 6. O-O Bg4 7. e5 Ne8 8. h3
Bf5 9. Re1 c5 10. dxc5 dxe5 11. c3 Qc7 12. b4 Nc6 13. Qb3 Nf6 14. Ng5 Nd8 15.
Ndf3 h6 16. Nxf7 Nxf7 17. Bxf7+ Rxf7 18. Nxe5 Raf8 19. Nxf7 Rxf7 20. Bf4 Qd8
21. Rad1 Qe8 22. Bc7 Bd7 23. b5 Qf8 24. Qc4 Kh7 25. c6 bxc6 26. bxc6 Bf5 27.
Rd8 Ne8 28. Bb8 Rf6 29. c7 Nd6 30. Rxf8 Nxc4 31. c8=Q Bxc8 32. Rxc8 Nb6 33. Re8
1-0

[Event "Junior-SM"]
[Site "Lund"]
[Date "2010.07.10"]
[Round "8"]
[White "Westerberg, Jonathan"]
[Black "Janse, Rasmus"]
[Result "1-0"]
[WhiteElo "2165"]
[BlackElo "2169"]
[Annotator "Axel Smith"]
[PlyCount "75"]
[EventDate "2010.??.??"]
[EventRounds "9"]
[EventCountry "SWE"]
[Source "Anders Hansen"]
[SourceDate "2010.07.03"]

1. d4 e6 2. c4 c5 3. d5 exd5 4. cxd5 Nf6 5. Nc3 d6 6. e4 Be7 {Diagram # Straigh
t Benoni, en öppning jag själv använde i två partier i Junior-SM 2006. Det ena
var mot Rasmus Janse. Löparen står mindre aktivt på e7, men det finns flera
fördelar med denna uppställningen:  a) Det går snabbare att rockera, vilket
gör ett direkt f4-e5 mindre farligt  b) Man har inte försvagat sig med g7-g6 
c) g6-rutan är ledig för en springare  Svart spelar ofta på att flytta upp
löparen till f6. Springaren på f6 kan flytta till flera olika fält.} 7. Be2 ({
Rasmus spelade hårdare mot mig med} 7. f4) 7... O-O 8. Nf3 {Jag lärde mig
själv öppningen genom mailkonversation med Rolf Martens (1942-2008). Jag
analyserade med böcker, bräde och analysmotor medan Rolf analyserade blint.
Det var ganska jämnt. Rolf hittade ofta på uppfinningsrika namn på alla
varianter i sina öppningar, och det är till dem jag hänvisar i följande
kommentarer.} Ne8 (8... Nbd7 9. O-O a6 (9... Ne8 {är Tolush (Method 2)}) 10. a4
Ng4 {är Scorp Circus (Method 1)} (10... Rb8 {är Direct (Method 3)})) (8... Na6
{är Classiswing (Method 4)}) 9. O-O Bf6 {Diagram #} 10. Bf4 $5 {Westerbergs
löparmanöver till g3 är listig då det binder upp svarts springaren till e8. Om
springaren flyttar kan vit nämligen angripa d6-bonden med Nd2-c4. Att
springaren på e8 inte kan flytta har flera nackdelar, dels blir det svårare
att genomföra b7-b5 och dels kan tornet inte ta plats på e-linjen.} Qe7 {
Damen vill ju egentligen inte stå på e-linjen, som potentiellt kan öppnas, men
tanken är att den ska avlasta springaren på e8 så att Nb8-d7 och Ne8-c7 är
möjligt.} 11. Nd2 Nd7 12. Bg3 Rb8 13. a4 b6 14. f4 a6 15. Re1 {Vit ställer
helt riktigt upp sig helt och hållet på att genomföra e5-framstöten.} Bd4+ {
Jag vet inte varifrån Janse har lärt sig Straight Benoni, men jag vet hur Rolf
har lärt ut öppningen. Enligt honom är standardmetoden för att bemöta 14.f4
just att schacka med löparen på d4.} 16. Kh1 Nc7 17. Bf3 b5 18. axb5 Nxb5 {
Tråkigt att behöva släppa c4-fältet.} (18... axb5 {faller på} 19. Nb3 {
följt av Na5-c6 eller Nxd4.}) 19. Qc2 Qf6 {Diagram #} 20. Nc4 $1 {
Nu sätter Westerberg igång den avgörande pressen.} Re8 21. e5 $1 Qd8 ({
Vit har fyra pjäser som garderar e5 och svart fem som hotar. Om svart försöker
vinna mateiralmed} 21... dxe5 22. fxe5 Nxe5 23. Nxe5 Bxe5 24. Nxb5 axb5 {
är det största problemet plaskmatten på åttonde raden:} 25. Qc3 $1) 22. exd6
Nb6 23. Rxe8+ Qxe8 24. Re1 Qd8 25. Bh4 f6 26. Nxb6 Rxb6 27. Nxb5 axb5 {
Diagram #} 28. Be4 $1 {Westerberg utnyttjar det tempo han har till godo,
eftersom svart är tvungen att ta på d6 något av de närmsta dragen.} Rxd6 29.
Bxh7+ Kf8 30. Qg6 $6 {Detta ger svart chanser att överleva.} (30. Bg6 Bd7 31.
Qe4 {Hotar Qf3-h5-h8. Det finns inget försvar.}) 30... Bd7 31. Qe4 Bxb2 $6 (
31... Be8 {Svart borde placerat om löparen:}) 32. Bf2 $1 {
Westerberg tar snabbt över den diagonal Janse lämnat.} Ba3 33. Bg6 Bb4 34. Re2
Ra6 35. h3 Ra8 36. Qf3 Ra1+ 37. Kh2 Qc7 38. Bg3 {Qf3-h5-h8 är ostoppbart. Ett
väldigt bra parti av Jonathan Westerberg. Manövern Bf4-g3 kostade tid, men den
verkade vara väl investerad. Jag vet faktiskt inte var svart ska förstärka för
att rädda öppningen. Förr kunde jag kontakta Rolf och få svar ett par timmar
senare, men det går inte längre. Jag är dock säker på att det finns någon
förbättring som får Straight Benoni att leva vidare.} 1-0

[Event "Junior-SM"]
[Site "Lund"]
[Date "2010.07.11"]
[Round "9"]
[White "Janse, Rasmus"]
[Black "Berggren, Jonatan"]
[Result "1-0"]
[WhiteElo "2169"]
[BlackElo "2135"]
[PlyCount "99"]
[EventDate "2010.??.??"]
[EventRounds "9"]
[EventCountry "SWE"]
[Source "Anders Hansen"]
[SourceDate "2010.07.03"]

1. d4 Nf6 2. c4 e6 3. Nc3 Bb4 4. e3 O-O 5. Bd3 d5 6. a3 Bxc3+ 7. bxc3 b6 8. Ne2
c5 9. O-O Nc6 10. f3 Bb7 11. Bb2 Na5 12. cxd5 exd5 13. Ng3 Re8 14. Re1 Rc8 15.
Rc1 h5 16. Re2 Rc7 17. Qe1 g6 18. Nf1 Nb3 19. Rb1 Rce7 20. Bb5 Rf8 21. Qd1 Na5
22. Nd2 a6 23. Bd3 Rfe8 24. Qe1 c4 25. Bc2 Bc6 26. Bc1 Nb7 27. e4 dxe4 28. fxe4
Nd6 29. e5 Nd5 30. Ne4 Nxe4 31. Bxe4 Re6 32. Qg3 h4 33. Qf3 f5 34. Bxd5 Bxd5
35. Qf4 Kf7 36. Qg5 Qxg5 37. Bxg5 Rh8 38. Bf6 Rh5 39. Reb2 b5 40. a4 bxa4 41.
Rb6 f4 42. Rxe6 Kxe6 43. Rb6+ Kf5 44. Rd6 Bb7 45. Be7 Rg5 46. Bxg5 a3 47. Bh6
Kg4 48. Rf6 g5 49. h3+ Kh5 50. Bf8 1-0

[Event "Junior-SM"]
[Site "Lund"]
[Date "2010.07.11"]
[Round "9"]
[White "Johansson, Linus"]
[Black "Morin, Max"]
[Result "1-0"]
[WhiteElo "1953"]
[BlackElo "1715"]
[PlyCount "61"]
[EventDate "2010.??.??"]
[EventRounds "9"]
[EventCountry "SWE"]
[Source "Anders Hansen"]
[SourceDate "2010.07.03"]

1. d4 d5 2. c4 e6 3. cxd5 exd5 4. Nc3 c5 5. Nf3 Nc6 6. g3 Nf6 7. Bg2 Be7 8. O-O
O-O 9. Bg5 c4 10. Ne5 Be6 11. Qd2 Qb6 12. Rad1 Rad8 13. h3 h6 14. Be3 Bb4 15.
f3 Qc7 16. Bf4 Bd6 17. Nb5 Qe7 18. Nxc6 bxc6 19. Bxd6 Rxd6 20. Nxd6 Qxd6 21.
Qe1 Rb8 22. e4 Qd7 23. e5 Ne8 24. Qc3 Bxh3 25. b3 cxb3 26. Rb1 Nc7 27. Rxb3 Nb5
28. Qc5 Rb6 29. Rfb1 Bf5 30. R1b2 Qb7 31. a4 1-0

[Event "Junior-SM"]
[Site "Lund"]
[Date "2010.07.11"]
[Round "9"]
[White "Lindgren, Philip"]
[Black "Bergren Torell, Harald"]
[Result "1/2-1/2"]
[WhiteElo "2109"]
[BlackElo "1926"]
[PlyCount "39"]
[EventDate "2010.??.??"]
[EventRounds "9"]
[EventCountry "SWE"]
[Source "Anders Hansen"]
[SourceDate "2010.07.03"]

1. d4 f5 2. g3 Nf6 3. Bg2 e6 4. c4 c6 5. Nf3 d5 6. O-O Bd6 7. Nc3 O-O 8. Qc2
Qe8 9. Rb1 b5 10. cxb5 cxb5 11. Bf4 Bxf4 12. gxf4 Ne4 13. Ne5 Nxc3 14. Qxc3 Nd7
15. Qc6 Nb6 16. Qxe8 Rxe8 17. Rfc1 Ba6 18. Rc6 Rac8 19. Rbc1 Bb7 20. Rc7
1/2-1/2

[Event "Junior-SM"]
[Site "Lund"]
[Date "2010.07.11"]
[Round "9"]
[White "Pettersson, Anders"]
[Black "Vaarala, Eric"]
[Result "1/2-1/2"]
[WhiteElo "2100"]
[BlackElo "2125"]
[PlyCount "199"]
[EventDate "2010.??.??"]
[EventRounds "9"]
[EventCountry "SWE"]
[Source "Anders Hansen"]
[SourceDate "2010.07.03"]

1. d4 d5 2. c4 c6 3. Nf3 Nf6 4. Nc3 e6 5. Bg5 Bb4 6. Qc2 h6 7. Bxf6 Qxf6 8. e3
O-O 9. Bd3 Nd7 10. a3 Bxc3+ 11. Qxc3 Re8 12. Ne5 Qg5 13. O-O dxc4 14. f4 Qe7
15. Qxc4 Nxe5 16. dxe5 Rb8 17. Qe4 g6 18. Rfd1 Bd7 19. Rac1 c5 20. Qc4 b6 21.
Be4 Rec8 22. Rd6 b5 23. Qc2 f5 24. Bf3 b4 25. Rcd1 Be8 26. Rxe6 Qxe6 27. Bd5
Qxd5 28. Rxd5 bxa3 29. bxa3 c4 30. Qc3 Rb3 31. Qa5 c3 32. Rd8 Rbb8 33. Qd5+ Kh8
34. Rxc8 Rxc8 35. Qe6 Rb8 36. Qc4 Rb1+ 37. Kf2 Rb2+ 38. Kg3 c2 39. e6 Kh7 40.
e7 g5 41. fxg5 hxg5 42. h4 Ra2 43. hxg5 Rxa3 44. Qxc2 Rxe3+ 45. Kf2 Rxe7 46.
Qxf5+ Bg6 47. Qh3+ Kg8 48. Qa3 Rf7+ 49. Kg1 Kh7 50. Qh3+ Kg8 51. Qh6 Rg7 52.
Kf2 Bh7 53. Qe6+ Kh8 54. Qf6 Bg6 55. Kg3 Kh7 56. Kg4 Rf7 57. Qa1 Bf5+ 58. Kh4
Bg6 59. Qa6 Rf4+ 60. Kg3 Rf7 61. Kg4 Kg7 62. Qa1+ Kg8 63. Qh1 Rh7 64. Qc1 Rf7
65. Qc8+ Kh7 66. Qb8 Bf5+ 67. Kf4 Bg6+ 68. Ke5 Kg7 69. g4 Kh7 70. Ke6 Rg7 71.
Qh2+ Kg8 72. Kf6 Be8 73. Qb8 Rf7+ 74. Ke6 Kf8 75. Qd6+ Kg8 76. Qd8 Kf8 77. Qd6+
Kg8 78. Ke5 Rg7 79. Qe6+ Kf8 80. Qf6+ Kg8 81. Qd8 Kf8 82. Ke6 Rg6+ 83. Kf5 Rg7
84. Qd6+ Kg8 85. Qe6+ Kf8 86. Qh6 Kg8 87. Ke5 Re7+ 88. Kd6 Rg7 89. Qe6+ Kf8 90.
Qf5+ Kg8 91. Qd5+ Kf8 92. Qa8 Rg6+ 93. Ke5 Rxg5+ 94. Kf4 Rg7 95. g5 Rf7+ 96.
Ke5 Re7+ 97. Kf6 Rf7+ 98. Ke5 Re7+ 99. Kd4 Rd7+ 100. Ke5 1/2-1/2